Paesi più vicini all'Ecuador - Morte improvvisa - Statistics

Statistiche generali
  • Questo quiz è stato fatto 54 volte
  • Il punteggio medio è 4 su 15
Answers on the Grid
Answers color-coded by a green-red scale on the quiz's grid according to % correct below.
Colombia
Perù
Brasile
Panama
Costa Rica
Venezuela
Nicaragua
Bolivia
El Salvador
Guatemala
Honduras
Messico
Belize
Guyana
Cile
Stati Uniti
Canada
Giamaica
Repubblica Dominicana
Haiti
Bahamas
Cuba
Trinidad e Tobago
Antigua e Barbuda
Dominica
Suriname
Paraguay
Uruguay
Argentina
Saint Lucia
 
Statistiche sulle risposte
Risposta % Corretto
Perù
60%
Brasile
54%
Venezuela
54%
Bolivia
43%
Colombia
43%
Cile
40%
Panama
23%
Guyana
14%
El Salvador
11%
Honduras
11%
Messico
11%
Belize
9%
Costa Rica
9%
Guatemala
9%
Nicaragua
6%
Nessun quiz corrispondente trovato
Distribuzione punteggi
Percentuale di utenti per punteggio
Percentile per numero di risposta
I tuoi punteggi nel tempo
Non hai fatto questo quiz